Normal view
MARC view
- Ayesha Aslam Chaudhry Daniyal Basharat Umair Latif
Entry Personal Name
001 - CONTROL NUMBER
- control field: 85552
003 - CONTROL NUMBER IDENTIFIER
- control field: NUST
005 - DATE AND TIME OF LATEST TRANSACTION
- control field: 20211203113108.0
008 - FIXED-LENGTH DATA ELEMENTS
- fixed length control field: 211203|| aca||aabn | a|a d
040 ## - CATALOGING SOURCE
- Original cataloging agency: NUST
- Transcribing agency: NUST
100 ## - HEADING--PERSONAL NAME
- Personal name: Ayesha Aslam Chaudhry Daniyal Basharat Umair Latif
670 ## - SOURCE DATA FOUND
- Source citation: Work cat.: (NUST): Ayesha Aslam Chaudhry Daniyal Basharat Umair Latif , PR-SOF-2032-Dynamic Obstacle Avoidance Using Mobile Robots, 2021.
